| 000 | 00844nam a22002177a 4500 | ||
|---|---|---|---|
| 003 | JO-AjAnu | ||
| 005 | 20251012091437.0 | ||
| 008 | 251011b jo ||||| |||| 00| 0 ara d | ||
| 020 | _a9789957679095 | ||
| 040 |
_aJO-AjAnu _bara _cJO-AjAnu _dJO-AjAnu _erda |
||
| 041 |
_aara _hara |
||
| 050 |
_aLB1044.87. _bN2482 2022 |
||
| 100 | 1 |
_aناجي، سهى صالح _eمؤلف _966740 |
|
| 245 | 0 |
_aالتعليم الالكتروني وحوسبة مناهج تدريس العلوم / _c سهى صالح ناجي |
|
| 250 | _aالطبعة الاولى | ||
| 260 |
_aعمان : _bدار صفاء للنشر والتوزيع، _c2022 |
||
| 300 | _a300 صفحة | ||
| 504 | _aيحتوي على مراجع | ||
| 650 | 7 | 0 |
_aالتعليم الالكتروني-اساليب تدريس-العلوم-حوسبة التعليم _966741 |
| 942 |
_2lcc _cBK _n0 |
||
| 999 |
_c34038 _d34038 |
||